00973nam a2200277Ia 4500003001000000005001700010007000300027008004100030020001800071040003500089084001100124100001800135245014400153250001800297264005100315300004100366336002700407337003300434338002800467650004100495650003600536650003500572700001600607700002900623700004300652CO-BoRNBP20230830202121.0ta141031s9999 xx 000 0 und d a9789681645465 aCO-BoRNBPbspaerdacCO-BoRNBP aN HOW210aHowe, Deborah aBonícula : una historia de misterio conejil cDeborah y James Howe ; traducido por David Huerta ; ilustrado por Francisco Nava Bouchaín a1a. edición aMéxico b Fondo de Cultura Económicac2013 a91 páginas bilustracionesc19 cm. atextobtxt2rdacontent asin mediaciónbn2rdamedia avolumenbnc2rdacarrier14aNovela infantil estadounidense2LEMB a Autores Estadounidenses 2LEMB aCuentos Estadounidenses 2LEMB10aHowe, James10aHuerta, Davidetraductor10aNava Bouchaín, Franciscoeilustrador